| 000 | 00451nam a2200157 4500 | ||
|---|---|---|---|
| 001 | 125905 | ||
| 003 | ES-MaACL | ||
| 005 | 20230906192723.0 | ||
| 007 | t| | ||
| 008 | 070214s1934 fr r ||||1| fre d | ||
| 100 | 1 |
_aRaynaud, Ernest. _995643 |
|
| 245 | 1 | 3 |
_aLa police des moeurs / _cErnest Raynaud. |
| 260 |
_aParis : _bSociété français d'éditions littéraires et techniques, _c1934. |
||
| 300 |
_a191 p. ; _c18 cm. |
||
| 852 |
_aES-MaACL _jA-2595 |
||
| 999 |
_c125905 _d125905 |
||